Citlivosť aperiodického regulačného procesu na zmeny parametrov P,I,D regulátora = The aperiodic system sensitivity related to the parametres : Diplomová práca

Salvato in:
Dettagli Bibliografici
Autore principale: Szabó, Ondrej, 1984- (Autore)
Altri autori: Vrban, Anton, 1932- (xxx)
Natura: Manoscritto Libro
Lingua:slovacco
Pubblicazione: Trnava : STU v Bratislave MTF UIAM, 2009
Soggetti:
Tags: Aggiungi Tag
Nessun Tag, puoi essere il primo ad aggiungerne!!

MARC

LEADER 00000ntm a22000003a 4500
001 stu197553
005 20150617230048.1
008 100107s2009----xo------------------slo-d
040 |a STU  |b slo 
041 0 |a slo 
044 |a xo 
100 1 |a Szabó, Ondrej,  |d 1984-  |4 aut  |u M  |T MTF Materiálovotechnologická fakulta  |X 34824  |U M  |Y 60  |7 A000034824 
245 1 |a Citlivosť aperiodického regulačného procesu na zmeny parametrov P,I,D regulátora = The aperiodic system sensitivity related to the parametres :  |b Diplomová práca 
260 |a Trnava :  |b STU v Bratislave MTF UIAM,  |c 2009 
300 |a 58 s  |c 1 CD-ROM 
500 |a Študijný odbor: 5.2.14 automatizácia 
500 |a Študijný program: automatizácia a informatizácia procesov 
650 7 |a aperiodická sústava  |2 stusub 
700 1 |a Vrban, Anton,  |d 1932-  |4 xxx  |u M180  |U MTF Materiálovotechnologická fakulta  |T MTF Katedra aplikovanej informatiky a automatizácie  |X 321  |U M180  |Y 166  |7 A000000321 
996 |b 284M071977  |c M*DP-8539  |l MMSKP  |s P  |a 0  |w stu197553_0001